| 000 | 00524nam a22001577a 4500 | ||
|---|---|---|---|
| 003 | NUST | ||
| 082 | _a200 | ||
| 100 |
_aIbrahim, Kiran _9114364 |
||
| 245 |
_aFake News Detection, Identification and Classification Using Multimodal Approach/ _cKiran Ibrahim, |
||
| 264 |
_aIslamabad : _bSEECS, NUST, _c2023. |
||
| 300 |
_a71 p. ; _c30 cm. |
||
| 650 |
_aMS-Data Science _9123017 |
||
| 700 |
_aSupervisor: Muhammad Khuram Shahzad _9112155 |
||
| 856 | _uhttp://10.250.8.41:8080/xmlui/handle/123456789/34166 | ||
| 942 |
_2ddc _cSC |
||
| 999 |
_c595714 _d595714 |
||